000 00229nam a2200085Ia 4500
008 220204s9999 xx 000 0 und d
245 0 _aIndian Business directory of exporters and importers
260 _aNew Delhi
_bc1971
942 _cBK
999 _c21760
_d21760